06169cam a22017054i 4500003000900000005001700009008004100026020001800067035002700085040003300112082002000145100003000165245008100195264003500276300004500311336002100356337002500377338002300402505283400425526000903259526000903268526001003277526001003287526001003297526001003307526001003317526001003327526001003337526001003347526001003357526001003367526001003377526001003387526001003397526001003407526001003417526001003427526001003437526001003447526001003457526001003467526001003477526001003487526001003497526001003507526001003517526001003527526001003537526001003547526001003557526001003567526001003577526001003587526001003597526001003607526001003617526001003627526001003637526001003647526001003657526001003667526001003677526001003687526001003697526001003707526001003717526000903727526000903736526000903745526000903754526000903763526000903772526000903781526000903790526000903799526000903808526000903817526000903826526000903835526000903844526000903853526000903862526000903871526000903880526000903889526000903898526000903907526000903916526000903925526000903934526000903943526000903952526000903961526000903970526000903979526000903988526000903997526000904006526001004015526000904025526000904034526000904043526000904052526000904061526000904070526000904079526000804088526000804096526000804104526000804112526000804120526000804128526000804136526000804144526000804152526000804160526000804168526000804176526000804184526000804192526000904200526000804209526000804217526000804225526000804233526000804241526000904249526000804258526000804266526000804274526000804282526000804290526000904298526000804307526000804315526000904323526000804332526000804340526000804348526000804356541001704364650002304381650003004404650002904434PE-LiUPU20250813165900.0150706s                r     000 0     d  a9788429175226  a(Sirsi) i9788429175226  aPE-LiUPUbspacPE-LiUPUerda04a628.16bW362211 aWeber, Walter J.,eautor.10aControl de la calidad del agua procesos fisicoquímicos /cWalter J. Weber. 1aBarcelona :bReverté,c2003.  a654 páginas :bilustraciones ;c21 cm.  atext2rdacontent  aunmediated2rdamedia  avolume2rdacarrier0 aDinámica de procesos, reacciones y reactores -- Dinámica de procesos -- Mecánica del transporte de materia -- Reacciones y energía -- Cinética y velocidades de reacción -- Ingeniería de reactores y diseño de procesos -- Coagulación y floculación -- Procesos de coagulación -- La estabilidad de los coloides -- Desestabilización de los coloides -- Desestabilización en el tratamiento del agua y del agua residual -- Transporte de las partículas coloidales -- Transporte de partícula en el tratamiento del agua y agua residual -- Sedimentación -- Procesos de sedimentación -- Canalización y modelo de dispersión -- Diseño del tanque de sedimentación -- Filtración -- Procesos de filtración -- Hidráulica del flujo a través de un medio poroso -- Tratamiento previo del agua -- Modelos de control de velocidad y métodos -- Modelo de calidad para el efluente del filtro -- Modelos matemáticos para filtros granulares profundos -- Filtración lenta con arena -- Filtración rápida con arena -- Filtración de precapa -- Adsorción -- Procesos de adsorción -- Equilibrio de adsorción e isoterma de adsorción -- Velocidades de adsorción -- Cinética de sorción para reactores discontinuos -- Cinética de sorción en reactores de flujo continuo -- Factores que influyen la absorción -- Intercambio Iónico -- Procesos de intercambio -- Materiales de intercambio -- Reacciones de intercambio -- Procedimientos de trabajo -- Aplicaciones -- Procesos de membrana -- Procesos de separación -- Ósmosis inversa -- Ultrafiltración -- Electrodiálisis -- Oxidación química -- Procesos de oxidación -- Principios y teorías de la oxidación química -- Oxígeno -- Ozono -- Permanganato -- Cloro -- Dióxido de cloro -- Desinfección -- Procesos de desinfección -- Métodos no químicos de desinfección -- Desinfectantes químicos -- Halógenos distintos del cloro -- Agentes oxidantes distintos de los halógenos -- Corrosión y control de la corrosión -- Procesos de corrosión -- Termodinámica electroquímica -- Cinética electroquímica -- Propiedades metalúrgicas -- Propiedades de los metales en medios corrosivos -- Métodos para controlar la corrosión -- Ensayo de corrosión -- Aireación y transferencia de gas -- Procesos de transferencia de gas -- Velocidad de transferencia de gas -- Sistemas de aireación y transferencia de gas -- Factores que influyen sobre las velocidades de aireación y transferencia de oxígeno -- Tratamiento del fango -- Fangos y procesos de tratamiento -- Alternativas en la manipulación de los fangos -- Características de los fangos -- Acondicionamiento del fango -- Espesamiento -- Desidratación del fango -- Secado -- Procesos de conversión -- Aprovechamiento del fango.  aP203  aP200  aSEG65  aSEG64  aSEG63  aSEG62  aSEG61  aSEG60  aSEG59  aSEG58  aSEG57  aSEG56  aSEG55  aSEG54  aSEG53  aSEG52  aSEG51  aSEG50  aSEG49  aSEG48  aSEG47  aSEG46  aSEG24  aSEG23  aSEG22  aSEG21  aSEG20  aSEG19  aSEG18  aSEG17  aSEG16  aSEG14  aSEG13  aSEG12  aSEG11  aSEG10  aSEG09  aSEG06  aSEG05  aSEG04  aSEG03  aSEG02  aSEG68  aSEG66  aSEG45  aSEG25  aSEG01  aP163  aP162  aP161  aP160  aP159  aP158  aP157  aP156  aP155  aP154  aP153  aP152  aP151  aP150  aP149  aP142  aP141  aP140  aP139  aP138  aP137  aP132  aP131  aP130  aP126  aP125  aP124  aP123  aP115  aP122  aP121  aP116  a P114  aP112  aP111  aP104  aP103  aP102  aP101  aP100  aP96  aP95  aP93  aP92  aP91  aP88  aP83  aP82  aP79  aP78  aP75  aP74  aP71  aP69  a P51  aP49  aP48  aP47  aP33  aP31  a P30  aP29  aP27  aP26  aP25  aP24  a P22  aP10  aP09  a P08  aP06  aP05  aP04  aP01  g001-0036246;04aAguaxTratamiento.04aAguaxControl de calidad.04aPurificación del agua.